000 00516nam a2200193Ia 4500
003 GCL
008 140319s9999 xx 000 0 ara d
040 _aGCL /
_cGCL
082 0 4 _a954.03
_bغ ح
100 1 _aغاندى
245 1 0 _aعلىابواب عصر جديد /
_cغاندى
250 _aالثانية
260 _aالقاهرة :
_bدار الشروق ،
_c1983
300 _a285ص ؛
_c17سم
650 0 4 _aالتاريخ
650 0 4 _aالهند
650 0 4 _aانجلترا
942 _2ddc
_cBK
999 _c40835
_d40835